000 00439nam a2200205Ia 4500
001 12866
003 GE_BSU
008 181216s||||||||xx |||||||||||||| ||und||
020 _a0553579606
040 _cGE_BSU
080 _a821.111-312.4
100 _aHoag,Tami.
245 _aAshes to Ashes.
260 _aNew York.
260 _bBantam Books.
260 _c1999
300 _a593p;17cm.
653 _aAshes to Ashes.
942 _cBK
999 _c46036
_d46036